Fókuszban a kisebbségek jogállása magyar kerekasztal

Bibliographic Details
Format: Article
Language:Hungarian
ISSN:1335-7050
Subjects:

MARC

LEADER 00000nab a2200000 ar4500
001 vtls010182411
003 SK-MaSNL
005 20260505094928.0
008 101022c20101016xo |||||||| 000 b|hun
015 |a SNBRB2010/10  |2 snkbucl 
038 |a SNKBUCL 
040 |a DSZK  |b slo  |c DSZK  |e AACR2 
041 0 |a hun 
044 |a xo  |c SK 
080 |a 316.022.4  |x (=511.141)  |x (437.6)  |2 2001 
080 |a 342.724  |x (=511.141)  |x (437.6)  |2 2001 
080 |a 061.3  |2 2001 
245 0 0 |a Fókuszban a kisebbségek jogállása  |b magyar kerekasztal  |c [szerző] (la) 
610 7 |a Okrúhly stôl Maďarov na Slovensku  |x konferencie  |2 snkbucl  |9 1128512 
648 7 |a 2010  |2 snkbucl  |9 324355 
650 0 7 |a Maďari  |z Slovensko  |2 snkbucl  |9 301236 
650 0 7 |a práva menšín  |2 SNKPH  |9 2259 
651 7 |a Komárno (Slovensko)  |2 SNKPHgeo  |9 39168 
773 0 |t Új szó  |g Évf. 63, sz. 239 (16.10.2010), o. 1  |x 1335-7050 
852 |a SNK  |b KIS3GCP 
852 |a DSZK  |b KIS3GCP 
958 |a HU 
958 |a SK 
999 |c 1897762  |d 1899692